Apuntes del profesor: Ductos, tuberías y cintas transportadoras
I tiakina i:
| Kaituhi matua: | |
|---|---|
| Hōputu: | Pukapuka |
| Reo: | Pāniora |
| I whakaputaina: |
Valparaíso
Pontificia Universidad Católica de Valparaíso
2003
|
| Ngā marau: | |
| Ngā Tūtohu: |
Tāpirihia he Tūtohu
Kāore He Tūtohu, Me noho koe te mea tuatahi ki te tūtohu i tēnei pūkete!
|
MARC
| LEADER | 00000nam a2200000 a 4500 | ||
|---|---|---|---|
| 001 | UCL6017 | ||
| 003 | CL-VaPUC | ||
| 008 | 040326e20030000CL |||||||||||||||||spa|d | ||
| 082 | 0 | 4 | |a 629.046 |b NOV |2 21 |
| 100 | |a Novoa Venturino, Sergio |e autor |9 610751 | ||
| 245 | 1 | 0 | |a Apuntes del profesor: Ductos, tuberías y cintas transportadoras |
| 300 | |a pág. irreg | ||
| 942 | |c BK | ||
| 945 | |d 20040326 00:00:00 |a cmena | ||
| 260 | |a Valparaíso |b Pontificia Universidad Católica de Valparaíso |c 2003 | ||
| 650 | 7 | |a TRANSPORTE |2 CL-VaPUC |9 256365 | |
| 650 | 0 | |a Tuberías |9 259420 | |
| 650 | 0 | |a Mecánica de fluidos |9 259464 | |
| 650 | 7 | |a DISEÑO DE TUBERIAS |2 CL-VaPUC |9 483775 | |
| 583 | |a last modification |c 20040326 00:00:00 |k Rodrigo Vera | ||
| 999 | |c 308326 |d 308324 | ||
| 952 | |0 0 |1 0 |4 0 |6 629_046000000000000_NOV_2003 |7 0 |8 A |9 374738 |a BIBING |b BIBING |d 2019-11-21 |i 3999335 |o 629.046 NOV 2003 |p 3999335 |r 2025-01-20 |w 2019-11-21 |y BK |k TRA | ||
| 952 | |0 0 |1 0 |4 0 |6 629_046000000000000_NOV_2003 |7 0 |8 A |9 374739 |a BIBING |b BIBING |d 2019-11-21 |i 3999343 |o 629.046 NOV 2003 |p 3999343 |r 2025-01-20 |w 2019-11-21 |y BK |k TRA | ||
| 952 | |0 0 |1 0 |4 0 |6 629_046000000000000_NOV_2003 |7 0 |8 A |9 374740 |a BIBING |b BIBING |d 2019-11-21 |i 3999351 |o 629.046 NOV 2003 |p 3999351 |r 2025-01-20 |w 2019-11-21 |y BK |k TRA | ||
| 952 | |0 0 |1 0 |4 0 |6 629_046000000000000_NOV_2003 |7 0 |8 A |9 374741 |a BIBING |b BIBING |d 2019-11-21 |i 399936K |o 629.046 NOV 2003 |p 399936K |r 2025-01-20 |w 2019-11-21 |y BK |k TRA | ||
| 952 | |0 0 |1 0 |4 0 |6 629_046000000000000_NOV_2003 |7 0 |8 A |9 374742 |a BIBING |b BIBING |d 2019-11-21 |i 3999378 |o 629.046 NOV 2003 |p 3999378 |r 2025-01-20 |w 2019-11-21 |y BK |k TRA | ||